Clubs de la Ligue 1 au National 3 (2025-2026) - Statistiques

Statistiques générales
  • Ce quiz a été pris 696 fois
    605 depuis la dernière actualisation
  • Le résultat moyen est 98 sur 213
Statistiques - réponses
% Correct
Ligue 1 Olympique de Marseille
98%
Ligue 1 Paris Saint-Germain
98%
Ligue 1 LOSC
96%
Ligue 1 Olympique Lyonnais
96%
National 3.H Olympique Lyonnais II
96%
Ligue 1 FC Nantes
95%
National 3.B FC Nantes II
95%
National 3.H Olympique de Marseille II
95%
National 3.E LOSC II
94%
Ligue 1 RC Strasbourg Alsace
94%
National 3.F RC Strasbourg II
94%
Ligue 1 Stade Rennais
94%
National 3.C Stade Rennais II
94%
National 3.H Lyon-La Duchère
93%
Ligue 1 Paris FC
93%
Ligue 1 RC Lens
93%
Ligue 1 Toulouse FC
93%
Ligue 1 Angers SCO
92%
National 3.B Angers SCO II
92%
Ligue 1 AS Monaco
92%
Ligue 1 FC Metz
92%
National 3.E FC Metz II
92%
Ligue 1 OGC Nice
92%
Ligue 1 Stade Brestois
92%
National 3.C Stade Brestois II
92%
Ligue 1 FC Lorient
91%
National 2.A FC Lorient II
91%
National 3.A Toulouse FC II
91%
Ligue 1 AJ Auxerre
89%
National 3.G AJ Auxerre II
89%
National 3.G AS Saint-Etienne II
88%
National 2.A Girondins de Bordeaux
87%
Ligue 2 AS Saint-Étienne
86%
Ligue 1 Le Havre AC
85%
Ligue 2 Montpellier HSC
85%
National 3.H Montpellier HSC II
85%
National 3.D Le Havre Caucriauville
84%
Ligue 2 SC Bastia
84%
National 3.D SC Bastia II
84%
Ligue 2 Amiens SC
82%
National 3.E Amiens SC II
82%
Ligue 2 Stade de Reims
82%
National 3.E Stade de Reims II
82%
Ligue 2 AS Nancy Lorraine
78%
Ligue 2 Red Star
78%
Ligue 2 Pau FC
77%
National 3.A Pau FC II
77%
Ligue 2 Clermont Foot 63
76%
Ligue 2 ESTAC
76%
National 3.F ESTAC II
76%
Ligue 2 Le Mans FC
76%
National SM Caen
75%
National 3.D SM Caen II
75%
National 3.H ASPTT Dijon
74%
National Dijon FCO
74%
National 3.G Dijon FCO II
74%
Ligue 2 USL Dunkerque
74%
Ligue 2 En Avant Guingamp
72%
National 3.C En Avant Guingamp II
72%
Ligue 2 FC Annecy
72%
Ligue 2 Grenoble Foot 38
72%
Ligue 2 Stade Lavallois
71%
National 3.C Stade Lavallois II
71%
National 2.C Nîmes Olympique
69%
Ligue 2 Rodez
68%
National FC Rouen
67%
Ligue 2 US Boulogne
67%
National FC Sochaux
66%
National 3.F FC Sochaux-Montbéliard II
66%
National Valenciennes FC
66%
National FC Versailles
64%
National 3.D FC Versailles II
64%
National US Orléans
62%
National 3.G US Orléans II
62%
National Bourg-Péronnas
60%
National 2.C AS Cannes
59%
National 2.C SC Toulon
58%
National La Berrichonne de Châteauroux
56%
National 3.B La Berrichonne de Châteauroux II
56%
National Paris 13 Atlético
56%
National QRM
56%
National 2.A VFC La Roche
54%
National Stade Briochin
52%
National US Concarneau
52%
National 3.F Thonon-Evian GG
49%
National FC Villefranche-Beaujolais
47%
National 2.B SR Colmar
46%
National 3.F FC Mulhouse
45%
National Le Puy FC
45%
National SC Aubagne Air-Bel
45%
National 2.A Stade Poitevin
45%
National 2.A US Saint-Malo
45%
National 2.A Aviron Bayonnais
44%
National 3.C Vannes OC
44%
National 2.A VHF Les Herbiers
44%
National 2.C US Créteil Lusitanos
43%
National 2.C Istres FC
42%
National FC Fleury 91
41%
National 2.A US Avranches
41%
National 2.A Angoulême Charente
40%
National 3.F Besançon Football
40%
National 3.F Racing Besançon
40%
National 2.B Bourges FC
38%
National 2.C FC93
38%
National 2.B SAS Epinal
37%
National 2.B AS Beauvais
36%
National 2.B FC Chambly Oise
36%
National 2.B US Thionville Lusitanos
36%
National 2.B Blois Football 41
33%
National 2.C Etoile Frejus Saint-Raphaël
33%
National 3.E Gazélec Ajaccio
33%
National 2.C GOAL FC
33%
National 2.C AS Saint-Priest
31%
National 2.A Dinan-Léhon FC
31%
National 2.B FC Dieppois
31%
National 2.C Hyères FC
30%
National 3.F Jura Dolois Football
30%
National 3.A Tarbes PF
30%
National 3.D C'Chartres
29%
National 3.H ES Cannet-Rocheville
29%
National 2.B FC Borgo
29%
National 2.A Olympique de Saumur
29%
National 2.A US Granville
29%
National 2.A Voltigeurs de Châteaubriant
29%
National 3.F ASM Belfort
28%
National 3.H Olympique d'Alès
28%
National 2.C RC Pays de Grasse
28%
National 2.C US Lusitanos Saint-Maur
28%
National 3.F FC Chalon
27%
National 2.B FCSR Haguenau
27%
National 3.G Mâcon 71
27%
National 3.A Canet Roussillon
26%
National 3.D FCM Aubervilliers
26%
National 2.B Wasquehal FC
26%
National 3.E Olympique Charleville PAM
25%
National 3.C US Alençon
25%
National 2.B AS Furiani-Agliani
24%
National 3.G Jura Sud
24%
National 3.E Olympique Saint-Quentin
24%
National 2.C Andrézieux-Bouthéon
23%
National 3.D ASTDV
23%
National 3.C AS Vitré
23%
National 3.C GSI Pontivy
23%
National 3.G Moulins-Yzeure
23%
National 2.A Saint-Colomban Locminé
23%
National 3.C US Fougères
23%
National 3.F US Ivry
23%
National 2.B Entente Feignies Aulnoye
22%
National 3.A FC Bassin d'Arcachon
22%
National 3.C Lannion FC
22%
National 3.B Les Sables VF
22%
National 2.B Saint-Pryvé Saint-Hilaire
22%
National 3.A Les Genêts d'Anglet
21%
National 3.A RCO Agde
21%
National 2.B US Chantilly
21%
National 3.A US Colomiers
21%
National 2.B ASC Biesheim
20%
National 3.F CA Pontarlier
20%
National 3.H FC Bourgoin-Jallieu
20%
National 2.A FC Chauray
20%
National 2.C FC Limonest DSD
20%
National 2.C GFA Rumilly-Vallières
20%
National 3.D Racing Club de France
20%
National 3.B Vendée Poiré
20%
National 3.G Vierzon FC
20%
National 3.C AF Virois
19%
National 2.A FC Montlouis
19%
National 3.G SO Romorantin
19%
National 2.C FC Rousset SVO
18%
National 3.E IC Croix
18%
National 3.B SO Châtellerault
18%
National 3.F ES Thaon
17%
National 3.E FC Balagne
17%
National 3.B FC Challans
17%
National 3.F US Torcy
17%
National 3.B Vendée Fontenay
17%
National 3.B AS Panazol
16%
National 3.D AS Saint-Ouen-l'Aumône
16%
National 3.A Blagnac FC
16%
National 3.E JA Drancy
16%
National 3.C OC Cesson
16%
National 3.A Onet-le-Château
16%
National 3.C Paotred Dispount Ergué-Gabéric
16%
National 3.D SU Dives-Cabourg
16%
National 3.B UF Touraine
16%
National 3.A FC Albères Argelès
15%
National 3.G Hauts Lyonnais
15%
National 3.E Pays de Cassel
15%
National 3.C Saint-Pierre Milizac
15%
National 3.G US Feurs
15%
National 3.A US Lège-Cap-Ferret
15%
National 3.D ESA Linas-Montlhéry
14%
National 3.A US Castanet
14%
National 3.B USSA Vertou
14%
National 3.D CMS Oissel
13%
National 3.D Sainte-Geneviève FC
13%
National 3.E SFC Neuilly-sur-Marne
13%
National 3.E US Vimy
13%
National 3.B AS La Châtaigneraie
12%
National 3.H GC Lucciana
12%
National 3.E Pays du Valois
12%
National 3.A SAG Cestas
12%
National 3.D CS Brétigny
11%
National 3.H Riviera FC
11%
National 3.H Stade Beaucairois
11%
National 3.B US Chauvigny
11%
National 3.G US Cosne
11%
National 3.B US Philibertine
10%
National 3.H ES Fosséenne
9%
National 3.G Saran FC
9%
National 3.G FC Chamalières
8%
National 3.H Carnoux FC
6%
National 3.H AC Seyssinet
5%
Aucun quiz correspondant
Distribution des résultats
% des personnes avec chaque résultat
Percentile par nombre de réponses
Votre historique - résultats
Vous n’avez pas pris ce quiz depuis la dernière actualisation